000 00585nam a2200217Ia 4500
003 OSt
005 20230626153010.0
008 210423s9999 xx 000 0 und d
020 _a978-93-5013-575-4
040 _cAL
041 _aeng
082 _a380.02
_223
_bKOLU
100 _aKOLI (L N); SINGH (Madan)
_994962
245 _aUpkars UGC NET/JRF/SET commerce paper-2
260 _aAgra
_bUpkar prakashan
_c2020
300 _aviii,392
_bPB
365 _b380
_cINR
650 _aCommerce
_994963
906 _acommerce ; NET/JRF/SET ; paper-2 ; UGC ; Upkars
942 _2ddc
_cBK
999 _c170419
_d170419